000 00755 a2200253 4500
005 20251215123136.0
008 251215b |||||||| |||| 00| 0 eng d
020 _a978-1-5095-5152-1
037 _cTB
040 _aCRL
_cCRL
041 _2eng
_aeng
084 _aO111:g(S:55) R4
_qCRL
100 _aBrunning, Luke
_9849900
245 _aRomantic agency:
_b loving well in modern life
260 _bPolity
_c2024
_aCambridge
300 _a221p.
365 _b22.95
_cUSD
650 _2ENGLISH LITERATURE
650 _2PSYCHOLOGY
650 _2LOVE
700 _aBrunning, Luke
_eAuthor
_9856595
942 _cTB
_2CC
_n0
_hO111:g(S:55) R4
999 _c1465098
_d1465098